La ciencia, su método y su filosofía

Zapisane w:
Opis bibliograficzny
1. autor: Bunge, Mario (Autor)
Format: Książka
Język:hiszpański
Wydane: Ciudad de México Quinto Sol 1989
Hasła przedmiotowe:
Etykiety: Dodaj etykietę
Nie ma etykietki, Dołącz pierwszą etykiete!

MARC

LEADER 00000nam a2200000 a 4500
001 UCW4520
003 CL-VaPUC
008 900516e19890000MX |||||||||||||||||spa|d
082 0 4 |a 501  |b BUN  |2 21 
100 0 |a Bunge, Mario  |e author  |9 309304 
245 1 3 |a La ciencia, su método y su filosofía 
300 |a 110 p 
942 |c BK 
945 |d 19900516 00:00:00 
260 |a Ciudad de México  |b Quinto Sol  |c 1989 
650 7 |a METODOLOGIA CIENTIFICA  |2 CL-VaPUC  |9 261770 
650 0 |a Filosofía de las ciencias  |9 256466 
583 |a last modification  |c 19900516 00:00:00  |k Rodrigo Vera 
999 |c 218243  |d 218241 
952 |0 0  |1 0  |4 0  |6 501_000000000000000_BUN_1989  |7 0  |8 A  |9 207410  |a BIBEDU  |b BIBEDU  |d 2019-11-15  |i 2751739  |o 501 BUN 1989  |p 2751739  |r 2019-11-15  |w 2019-11-15  |y BK  |k EDU 
952 |0 0  |1 0  |4 0  |6 501_000000000000000_BUN_1989  |7 0  |8 A  |9 207411  |a BIBEDU  |b BIBEDU  |d 2019-11-15  |i 2751747  |o 501 BUN 1989  |p 2751747  |r 2019-11-15  |w 2019-11-15  |y BK  |k EDU 
952 |0 0  |1 0  |4 0  |6 501_000000000000000_BUN_1989  |7 0  |8 A  |9 207412  |a BIBEDU  |b BIBEDU  |d 2019-11-15  |i 2751755  |o 501 BUN 1989  |p 2751755  |r 2019-11-15  |w 2019-11-15  |y BK  |k EDU